000
00324nam a22001457a 4500
003
SGT
020
_a
978019564598
082
_a
342.095 4,AUS
100
_a
AUSTIN,GRANVILLE
245
_a
THE INDIAN COSTITUTION
260
_a
NEW DELHI
_b
OXFORD
_c
2015
300
_a
188
650
_a
INDIAN COSTITUTION
942
_2
ddc
_c
BK
_0
3
999
_c
10703
_d
10703